How to play Soccer (Record no. 35960)

MARC details
000 -LEADER
fixed length control field 00278nam a2200121Ia 4500
082 ## - DEWEY DECIMAL CLASSIFICATION NUMBER
Classification number 796.332
Item number JON
100 ## - MAIN ENTRY--AUTHOR NAME
Personal name Jones, Ken
245 #0 - TITLE STATEMENT
Title How to play Soccer
260 ## - PUBLICATION, DISTRIBUTION, ETC. (IMPRINT)
Place of publication London
Name of publisher Hamlyn
Year of publication 1978
650 ## - SUBJECT ADDED ENTRY--TOPICAL TERM
Topical Term Soccer
942 ## - ADDED ENTRY ELEMENTS (KOHA)
Koha item type Books
Holdings
Withdrawn status Lost status Damaged status Not for loan Home library Current library Date acquired Full call number Accession Number Koha item type
        RRII Library RRII Library 16/12/2021 796.332 JON 16377 Books